000 00941nam a22002057a 4500
999 _c2821
_d2821
003 AR-CdUCM
008 190305b ||||| |||| 00| 0 spa d
040 _aMUNICIPALIDAD PROVINCIAL DEL CUSCO
_cBIBLIOTECA MUNICIPAL DEL CUSCO
082 _a985.019 /
_bR36
100 _aHermida Reinoso, Gustavo
_99814
245 _aCañaris e Incas:
_bHistoria y Cultura /
260 _aEcuador :
_bGráficas Hernández ,
_c2006.
300 _a368 páginas ;
_c22.2 cm.
505 _aContenido: La Organizacion Social y Economica del Incario -- Pilares de consolidacion del Tahuantinsuyo -- Formas de Propiedad -- Fuentes Alimenticias -- Presencia del Incario en Territorio Cañari -- El Complejo Arqueologico del Castillo Incásico de Ingapirca -- Ruinas Arqueológicas del Tambo real Incásico de Molleturo...
650 _aTahuantinsuyo
_99815
650 _aInca
_9421
650 _aHistoria Aborigen Inca
_99816
942 _2ddc
_cLIBROS
945 _artm